000 00458nam a2200157Ia 4500
008 210716s2020 xx 000 0 und d
020 _a9788126566976
041 _aeng
082 _a153.94 SINR
100 _aSingh, Rohit.
245 _aWiley examxpert general knowledge: for competitive examinations.
_bFor competitive examinations.
250 _a2
260 _aNew Delhi
_bWiley India Pvt Ltd
_c2020
300 _aix,252
650 _aGeneral Knowledge
999 _c197202
_d197202